Financing elementary education in Andhra Pradesh under Sarva Shiksha Abhiyan (Record no. 99646)

000 -LEADER
fixed length control field 00502pab a2200181 454500
008 - FIXED-LENGTH DATA ELEMENTS--GENERAL INFORMATION
fixed length control field 180718b2013 xxu||||| |||| 00| 0 eng d
100 ## - MAIN ENTRY--PERSONAL NAME
Personal name Reddy, B. Shiva
245 ## - TITLE STATEMENT
Title Financing elementary education in Andhra Pradesh under Sarva Shiksha Abhiyan
260 ## - PUBLICATION, DISTRIBUTION, ETC.
Date of publication, distribution, etc. 2013
300 ## - PHYSICAL DESCRIPTION
Extent p.169-183.
362 ## - DATES OF PUBLICATION AND/OR SEQUENTIAL DESIGNATION
Dates of publication and/or sequential designation Apr
650 ## - SUBJECT ADDED ENTRY--TOPICAL TERM
Topical term or geographic name entry element Primary education - India - Andhra Pradesh
650 ## - SUBJECT ADDED ENTRY--TOPICAL TERM
Topical term or geographic name entry element Primary education
700 ## - ADDED ENTRY--PERSONAL NAME
Personal name Reddy, K. Anji
773 ## - HOST ITEM ENTRY
Main entry heading Asian Economic Review
908 ## - PUT COMMAND PARAMETER (RLIN)
Put command parameter N
909 ## -
-- 99647
Holdings
Withdrawn status Lost status Damaged status Not for loan Permanent Location Current Location Date acquired Serial Enumeration / chronology Barcode Date last seen Price effective from Koha item type
        Indian Institute of Public Administration Indian Institute of Public Administration 2018-07-19 Volume no: 55, Issue no: 1 AR100107 2018-07-19 2018-07-19 Articles

Powered by Koha